Physical Education (Record no. 11310)
[ view plain ]
| 000 -LEADER | |
|---|---|
| fixed length control field | 00260nam a22000977a 4500 |
| 008 - FIXED-LENGTH DATA ELEMENTS--GENERAL INFORMATION | |
| fixed length control field | 190208b ||||| |||| 00| 0 eng d |
| 020 ## - INTERNATIONAL STANDARD BOOK NUMBER | |
| International Standard Book Number | 9780199134007 |
| 100 ## - MAIN ENTRY--PERSONAL NAME | |
| Personal name | Gallabger |
| 9 (RLIN) | 7051 |
| 245 ## - TITLE STATEMENT | |
| Title | Physical Education |
| 260 ## - PUBLICATION, DISTRIBUTION, ETC. (IMPRINT) | |
| Place of publication, distribution, etc. | Great Britain |
| Name of publisher, distributor, etc. | Oxford University Press |
| Withdrawn status | Lost status | Source of classification or shelving scheme | Damaged status | Koha normalized classification for sorting | Not for loan | Home library | Current library | Shelving location | Date acquired | Total Checkouts | Full call number | Barcode | Date last seen | Date last checked out | Price effective from | Koha item type |
|---|---|---|---|---|---|---|---|---|---|---|---|---|---|---|---|---|
| Dewey Decimal Classification | 613_000000000000000_L1 | Good Samaritan School Library | Good Samaritan School Library | PHYSICAL EDUCATION | 02/08/2019 | 1 | 613 L-1 | GAL15246 | 07/23/2025 | 07/15/2025 | 02/08/2019 | BOOK |